| 000 | 00994nam a22002537a 4500 | ||
|---|---|---|---|
| 001 | BD-DhSAU 151 | ||
| 003 | BD-DhSAU | ||
| 005 | 20150619182642.0 | ||
| 008 | 140123b ii a|||| |||| 001 0 eng d | ||
| 020 |
_a8181892062 _cRS. 1600 |
||
| 040 |
_cBD-DhSAU _aBD-DhSAU |
||
| 082 |
_222 _a635.6 _bYAF |
||
| 100 | _aYadav, P. K. | ||
| 245 |
_aFruit production technology / _cP. K. Yadav |
||
| 260 |
_aNew Delhi, India : _bInternational book distributing co. , _c 2007. |
||
| 300 |
_ax, 372 p. : _bill. ; _c25 cm. |
||
| 500 | _aWhat people are saying - Write a review We haven't found any reviews in the usual places. | ||
| 504 | _aIncludes references and index. | ||
| 590 | _aerfat | ||
| 650 |
_aFruit production. _zIndia |
||
| 856 | _uhttp://books.google.com.bd/books?id=4SH5IBM2n1oC&dq=8181892062&hl=en&sa=X&ei=VKngUpL6DoPP0AWQkIHQBQ&ved=0CCoQ6AEwAA | ||
| 856 | _uhttp://www.amazon.com/gp/search?index=books&linkCode=qs&keywords=8181892062 | ||
| 942 |
_2ddc _cBOOK |
||
| 999 |
_c151 _d151 |
||